<?xml version="1.0" encoding="UTF-8"?>
<record
    xmlns:xsi="http://www.w3.org/2001/XMLSchema-instance"
    xsi:schemaLocation="http://www.loc.gov/MARC21/slim http://www.loc.gov/standards/marcxml/schema/MARC21slim.xsd"
    xmlns="http://www.loc.gov/MARC21/slim">

  <leader>04204    a2200229   4500</leader>
  <controlfield tag="001">45546</controlfield>
  <controlfield tag="005">20260407155728.0</controlfield>
  <controlfield tag="008">260407a1959    arg                 spa d</controlfield>
  <controlfield tag="003">AR-UNSa-BCEJYS</controlfield>
  <datafield tag="040" ind1=" " ind2=" ">
    <subfield code="a">AR-UNSa-BCEJYS</subfield>
    <subfield code="b">spa</subfield>
    <subfield code="c">AR-UNSa-BCEJYS</subfield>
  </datafield>
  <datafield tag="080" ind1=" " ind2=" ">
    <subfield code="a">330.14</subfield>
    <subfield code="x">Capital</subfield>
  </datafield>
  <datafield tag="245" ind1="1" ind2="0">
    <subfield code="a">El Capital</subfield>
    <subfield code="p">cr&#xED;tica de la econom&#xED;a pol&#xED;tica</subfield>
  </datafield>
  <datafield tag="250" ind1=" " ind2=" ">
    <subfield code="a">2a. ed.</subfield>
  </datafield>
  <datafield tag="264" ind1=" " ind2="1">
    <subfield code="a">M&#xE9;xico :</subfield>
    <subfield code="b">Fondo de Cultura Econ&#xF3;mica</subfield>
    <subfield code="c">1959</subfield>
  </datafield>
  <datafield tag="300" ind1=" " ind2=" ">
    <subfield code="a">3 v. (xxxix, 769; 527 ; 953 p.)</subfield>
    <subfield code="c">21 cm.</subfield>
  </datafield>
  <datafield tag="505" ind1=" " ind2=" ">
    <subfield code="a">Vol. 1: El proceso de producci&#xF3;n del capital: Secci&#xF3;n Primera: Mercanc&#xED;a y dinero: 1. La Mercanc&#xED;a &#x2013; 2. El proceso del cambio &#x2013; 3. El dinero o la circulaci&#xF3;n de mercanc&#xED;as &#x2013; Secci&#xF3;n Segunda: La transformaci&#xF3;n del dinero en capital: 4. C&#xF3;mo se convierte el dinero en capital &#x2013; Secci&#xF3;n Tercera: La producci&#xF3;n de la plusval&#xED;a absoluta: 5. Proceso de trabajo y proceso de valorizaci&#xF3;n &#x2013; 6. Capital constante y capital variable &#x2013; 7. La cuota de plusval&#xED;a &#x2013; 8. La jornada de trabajo &#x2013; 9. Cuota y masa de plusval&#xED;a &#x2013; Secci&#xF3;n Cuarta: La producci&#xF3;n de la plusval&#xED;a relativa: 10. Concepto de la plusval&#xED;a relativa &#x2013; 11. Cooperaci&#xF3;n &#x2013; 12. Divisi&#xF3;n del trabajo y manufactura &#x2013; 13. Maquinaria y gran industria &#x2013; Secci&#xF3;n Quinta: La producci&#xF3;n de la plusval&#xED;a absoluta y relativa: 14. Plusval&#xED;a absoluta y relativa &#x2013; 15. Cambios de magnitudes del precio de la fuerza de trabajo y de la plusval&#xED;a &#x2013; 16. Diversas f&#xF3;rmulas para expresar la cuota de plusval&#xED;a &#x2013; Secci&#xF3;n Sexta: El salario: 17. C&#xF3;mo el valor o precio de la fuerza de trabajo se convierte en salario &#x2013; 18. El salario por tiempo &#x2013; 19. El salario por piezas &#x2013; 20. Diferencias nacionales en los salarios &#x2013; Secci&#xF3;n S&#xE9;ptima: El proceso de acumulaci&#xF3;n del capital: 21. Reproducci&#xF3;n simple &#x2013; 22. Conversi&#xF3;n de la plusval&#xED;a en capital &#x2013; 23. La ley general de la acumulaci&#xF3;n capitalista &#x2013; 24. La llamada acumulaci&#xF3;n originaria &#x2013; 25. La moderna teor&#xED;a de la colonizaci&#xF3;n &#x2013; Vol. 2: El proceso de circulaci&#xF3;n del capital: Secci&#xF3;n Primera: Las metamorfosis del capital y su ciclo: 1. El ciclo del capital- dinero &#x2013; 2. El ciclo del capital productivo &#x2013; 3. El ciclo del capital &#x2013; mercanc&#xED;as &#x2013; 4. Las tres f&#xF3;rmulas del proceso c&#xED;clico &#x2013; 5. El tiempo de circulaci&#xF3;n &#x2013; 6. Los gastos de circulaci&#xF3;n &#x2013; Secci&#xF3;n Segunda: La rotaci&#xF3;n del capital: 7. Tiempo de rotaci&#xF3;n y n&#xFA;mero de rotaciones &#x2013; 8. Capital fijo y capital circulante &#x2013; 9. La rotaci&#xF3;n global del capital desembolsado. Ciclos de rotaci&#xF3;n &#x2013; 10. Teor&#xED;as sobre el capital fijo y el capital circulante. Los fisi&#xF3;cratas y Adam Smith &#x2013; 11. Teor&#xED;as sobre el capital fijo y el capital circulante, Ricardo &#x2013; 12. El per&#xED;odo de trabajo &#x2013; 13. El tiempo de producci&#xF3;n &#x2013; 14. El tiempo de circulaci&#xF3;n &#x2013; 15. C&#xF3;mo influye y tiempo de rotaci&#xF3;n en la magnitud del capital desembolsado &#x2013; 16. La rotaci&#xF3;n del capital variable &#x2013; 17. La circulaci&#xF3;n de la plusval&#xED;a &#x2013; Secci&#xF3;n Tercera: La reproducci&#xF3;n y circulaci&#xF3;n del capital social en conjunto: 18. Introducci&#xF3;n &#x2013; 19. Estudios anteriores sobre el tema &#x2013; 20. Reproducci&#xF3;n simple &#x2013; 21. La acumulaci&#xF3;n y la reproducci&#xF3;n en escala ampliada &#x2013; Vol. 3: El proceso de producci&#xF3;n capitalista, en su conjunto: Secci&#xF3;n Primera: La transformaci&#xF3;n de la plusval&#xED;a en ganancia y de la cuota de plusval&#xED;a en cuota de ganancia &#x2013; Secci&#xF3;n Segunda: C&#xF3;mo se convierte la ganancia en ganancia media &#x2013; Secci&#xF3;n Tercera: Ley de la tendencia decreciente de la cuota de ganancia &#x2013; Secci&#xF3;n Cuarta: C&#xF3;mo se convierte el capital-mercanc&#xED;as y el capital-dinero en capital-mercanc&#xED;as y capital-dinero de comercio (capital comercial) &#x2013; Secci&#xF3;n Quinta: Desdoblamiento de la ganancia en inter&#xE9;s y ganancia de empresario. El capital a inter&#xE9;s &#x2013; Secci&#xF3;n Quinta: Desdoblamiento de la ganancia en inter&#xE9;s y ganancia de empresario. El capital a inter&#xE9;s (continuaci&#xF3;n) &#x2013; Secci&#xF3;n Sexta: C&#xF3;mo se convierte la ganancia extraordinaria en renta del suelo &#x2013; Secci&#xF3;n S&#xE9;ptima: Las rentas y sus fuentes - </subfield>
  </datafield>
  <datafield tag="041" ind1=" " ind2=" ">
    <subfield code="a">spa</subfield>
  </datafield>
  <datafield tag="942" ind1=" " ind2=" ">
    <subfield code="c">BK</subfield>
  </datafield>
  <datafield tag="590" ind1=" " ind2=" ">
    <subfield code="a">niveau_biblio:m niveau_hierar:0</subfield>
  </datafield>
  <datafield tag="100" ind1="1" ind2=" ">
    <subfield code="a">Marx, Carlos</subfield>
  </datafield>
  <datafield tag="700" ind1="1" ind2=" ">
    <subfield code="a">Roces, Wenceslao</subfield>
  </datafield>
  <datafield tag="999" ind1=" " ind2=" ">
    <subfield code="c">3962</subfield>
    <subfield code="d">3962</subfield>
  </datafield>
  <datafield tag="952" ind1=" " ind2=" ">
    <subfield code="0">0</subfield>
    <subfield code="1">0</subfield>
    <subfield code="4">0</subfield>
    <subfield code="7">0</subfield>
    <subfield code="a">BCEJYS</subfield>
    <subfield code="b">BCEJYS</subfield>
    <subfield code="c">16</subfield>
    <subfield code="d">2026-04-07</subfield>
    <subfield code="l">0</subfield>
    <subfield code="o">330.14 M392 v.1</subfield>
    <subfield code="p">L45688</subfield>
    <subfield code="r">2026-04-07 15:57:28</subfield>
    <subfield code="w">2026-04-07</subfield>
    <subfield code="y">L</subfield>
  </datafield>
  <datafield tag="952" ind1=" " ind2=" ">
    <subfield code="0">0</subfield>
    <subfield code="1">0</subfield>
    <subfield code="4">0</subfield>
    <subfield code="7">0</subfield>
    <subfield code="a">BCEJYS</subfield>
    <subfield code="b">BCEJYS</subfield>
    <subfield code="c">16</subfield>
    <subfield code="d">2026-04-07</subfield>
    <subfield code="l">0</subfield>
    <subfield code="o">330.14 M392 v.2</subfield>
    <subfield code="p">L45687</subfield>
    <subfield code="r">2026-04-07 15:57:28</subfield>
    <subfield code="w">2026-04-07</subfield>
    <subfield code="y">L</subfield>
  </datafield>
  <datafield tag="952" ind1=" " ind2=" ">
    <subfield code="0">0</subfield>
    <subfield code="1">0</subfield>
    <subfield code="4">0</subfield>
    <subfield code="7">0</subfield>
    <subfield code="a">BCEJYS</subfield>
    <subfield code="b">BCEJYS</subfield>
    <subfield code="c">16</subfield>
    <subfield code="d">2026-04-07</subfield>
    <subfield code="l">0</subfield>
    <subfield code="o">330.14 M392 v.3</subfield>
    <subfield code="p">L45686</subfield>
    <subfield code="r">2026-04-07 15:57:28</subfield>
    <subfield code="w">2026-04-07</subfield>
    <subfield code="y">L</subfield>
  </datafield>
</record>
